| 000 | 01136nmm a2200313 a 4500 | ||
|---|---|---|---|
| 003 | AR-BaBNM | ||
| 005 | 20251128211833.0 | ||
| 008 | 136120s1999 ||||||||||||||000 | spa|| | ||
| 020 | _a950-29-0560-1 | ||
| 040 | _cAR-BaBNM | ||
| 111 | 2 |
_a[Simposio en homenaje a Paul Zech] _d1996 _cBuenos Aires, Argentina |
|
| 245 | 1 | 0 |
_aPaul Zech y las condiciones del exilio en la Argentina, 1933-1946 _bactas del simposio celebrado en Buenos Aires, en el cincuentenario de la muerte del poeta, 9-10 de septiembre de 1996 |
| 260 |
_aBuenos Aires _bUniversidad de Buenos Aires. Facultad de Filosofía y Letras _c1999 |
||
| 300 | 0 | _a194 p. | |
| 500 | 0 | _aEdición subsidiada por la Embajada alemana en Buenos Aires | |
| 650 | 4 | _aCRITICA LITERARIA | |
| 650 | 4 | _aESCRITORES | |
| 650 | 4 | _aEXILIADOS | |
| 650 | 4 | _aNAZISMO | |
| 650 | 4 | _aLITERATURA CONTEMPORANEA | |
| 650 | 4 | _aLITERATURA ALEMANA | |
| 655 | _aLITERATURA | ||
| 700 | 1 |
_aRohland de Langbehn, Regula _eeditor |
|
| 700 | 1 |
_aVedda, Miguel Angel _ecolaborador |
|
| 700 | 1 |
_aGianera, Pablo _ecolaborador |
|
| 700 | 1 |
_aSetton, Román _ecolaborador |
|
| 942 | _cBK | ||
| 998 | _cNancy | ||
| 999 |
_c21322 _d21322 |
||